000 00669nam a2200217 a 4500
005 20220622063440.0
008 090617s1998 ag r 000 0 spa d
020 _a950581223X
035 _aUPN01000171239
049 _aCG
050 4 _aPQ7798.1 L6.6
_bA9.3
100 1 _aAlonso, María Cristina,
_d1955-
_930692
245 1 0 _aAventuras en borrador /
_cMaría Cristina Alonso ; historietas Max Cachimba.
260 _aBuenos Aires :
_bColihue,
_c1998.
300 _a122 p. :
_bil.
440 3 _aLa movida
584 _aPrimer premio concurso Colihue-La Movida 1998
650 0 _aNovela argentina
_95078
650 0 _aViajes y travesías
_911045
905 _aLibro
999 _c143344
_d143344